Act safely (Record no. 79698)
[ view plain ]
| 000 -LEADER | |
|---|---|
| fixed length control field | 01101cab a22002175a 4500 |
| 001 - CONTROL NUMBER | |
| control field | L142003 |
| 008 - FIXED-LENGTH DATA ELEMENTS--GENERAL INFORMATION | |
| fixed length control field | 080118s2008 xxk f 000 0 eng d |
| 035 ## - SYSTEM CONTROL NUMBER | |
| System control number | (Sirsi) u142003 |
| 041 0# - LANGUAGE CODE | |
| Language code of text/sound track or separate title | eng |
| 100 1# - MAIN ENTRY--PERSONAL NAME | |
| Personal name | Stocker, Tom |
| 245 00 - TITLE STATEMENT | |
| Title | Act safely |
| 260 ## - PUBLICATION, DISTRIBUTION, ETC. | |
| Date of publication, distribution, etc. | 2008 |
| 490 ## - SERIES STATEMENT | |
| Series statement | RICS Business |
| Volume/sequential designation | January 2008, 24-25(2) |
| 520 ## - SUMMARY, ETC. | |
| Summary, etc. | Reviews corporate accountability and the problems with identifying individuals who can be prosecuted under corporate manslaughter charges. Discusses the incoming Corporate Manslaughter and Corporate Homicide Act 2007. Explains how this will remove key obstacles to convicting large organisations, particularly the need to identify a personally responsible senior manager who is guilty of corporate manslaughter. Recommends a review of health and safety procedures and sets out a number of key steps to be taken. Discusses the extent and applicability of the Act. |
| 590 ## - LOCAL NOTE (RLIN) | |
| Local note | KA |
| 650 24 - SUBJECT ADDED ENTRY--TOPICAL TERM | |
| Topical term or geographic name entry element | CORPORATE MANSLAUGHTER AND CORPORATE HOMICIDE ACT 2007 |
| 651 #4 - SUBJECT ADDED ENTRY--GEOGRAPHIC NAME | |
| Geographic name | United Kingdom |
| Chronological subdivision | |
| 690 ## - LOCAL SUBJECT ADDED ENTRY--TOPICAL TERM (OCLC, RLIN) | |
| Topical term or geographic name as entry element | Health and safety |
| 9 (RLIN) | 6244 |
| 700 1# - ADDED ENTRY--PERSONAL NAME | |
| Personal name | Clarke, Fiona |
| 942 ## - ADDED ENTRY ELEMENTS (KOHA) | |
| Suppress in OPAC | 0 |
| Withdrawn status | Lost status | Source of classification or shelving scheme | Damaged status | Not for loan | Home library | Current library | Shelving location | Date acquired | Total Checkouts | Full call number | Barcode | Date last seen | Copy number | Price effective from | Koha item type |
|---|---|---|---|---|---|---|---|---|---|---|---|---|---|---|---|
| Dewey Decimal Classification | London | London | Journal article | 18/01/2008 | L142003 | 142003-1001 | 06/08/2019 | 1 | 06/08/2019 | Journal article |